|
|
|
|
| LEADER |
00000nab a2200000 a 4500 |
| 001 |
vtls010026199 |
| 003 |
SK-MaSNL |
| 005 |
20260305022125.0 |
| 008 |
091130c2003 xo r m 000 00slo |
| 015 |
|
|
|a SNBRA2009/12SVKPO
|
| 038 |
|
|
|a SVKPO
|
| 040 |
|
|
|a SVKPOCL
|c slo
|e AACR2
|
| 041 |
0 |
|
|a slo
|
| 044 |
|
|
|a xo
|c SK
|
| 080 |
|
|
|a 82.0
|2 2001
|
| 080 |
|
|
|a 82-3:82.0/.081:801.73
|2 2001
|
| 080 |
|
|
|a 801.73
|2 2001
|
| 100 |
1 |
|
|a Sabolová, Oľga,
|d 1945-2021
|4 aut
|9 117981
|
| 245 |
1 |
0 |
|a Ikonickosť kompozície
|c Oľga Sabolová
|
| 504 |
|
|
|a Bibliogr. odkazy
|
| 546 |
|
|
|a Res. angl.
|
| 650 |
0 |
7 |
|a literárna veda
|2 svkpocl
|9 1137
|
| 650 |
0 |
7 |
|a štruktúra a kompozícia textu
|2 svkpocl
|9 68281
|
| 650 |
0 |
7 |
|a ikonickosť
|2 svkpocl
|9 675441
|
| 650 |
0 |
7 |
|a interpretácia umeleckého textu
|2 svkpocl
|9 19225
|
| 773 |
0 |
|
|t Komunikácia a text : zborník materiálov z vedeckej konferencie s medzinárodnou účasťou organizovanej pri príležitosti životného jubilea doc. PhDr. Františka Ruščáka, CSc, v dňoch 15.-16. novembra 2001 v Prešove / ed. Zuzana Stanislavová
|d Prešov : Náuka, 2003
|g S. 121-126
|z 8089038212
|
| 852 |
|
|
|a SVKPO
|b KIS3GCP
|
| 958 |
|
|
|a SK
|
| 958 |
|
|
|a NB
|
| 958 |
|
|
|a LX
|
| 999 |
|
|
|c 3289157
|d 3291087
|